000 00204nam a22000977a 4500
999 _c16215
_d16215
003 OSt
008 200624b ||||| |||| 00| 0 eng d
100 _aNarayana Iyyer
_94627
245 _aZoology
942 _cBK